000 00241nam a2200085Ia 4500
245 0 _aSeisoen van ons liefde
100 _a Mitchell, Elize Kaapstad, [c.2009] 1. uitg
_956067
942 _cBK
008 210819s9999 xx 000 0 und d
999 _c300061
_d300060